|
|
|
|
| LEADER |
00000nam0a2200000 4500 |
| 001 |
361058 |
| 005 |
20231102011341.0 |
| 035 |
|
|
|a (RuTPU)RU\TPU\retro\18384
|
| 090 |
|
|
|a 361058
|
| 100 |
|
|
|a 20210525d1974 m y0rusy50 ca
|
| 101 |
0 |
|
|a rus
|
| 102 |
|
|
|a RU
|
| 105 |
|
|
|a y z 001zy
|
| 200 |
1 |
|
|a Монгольская Народная Республика
|f Академия наук СССР, Институт экономики мировой социалистической системы ; отв. ред. Е. П. Баврин
|
| 210 |
|
|
|a Москва
|c Наука
|d 1974
|
| 215 |
|
|
|a 144 с.
|
| 225 |
1 |
|
|a Экономика и политика зарубежных стран социализма
|
| 320 |
|
|
|a Библиография в ссылках
|
| 606 |
1 |
|
|a Монголия
|x Экономика
|2 stltpush
|3 (RuTPU)RU\TPU\subj\44370
|9 63716
|
| 606 |
1 |
|
|a Азиатские зарубежные государства
|x Политическое положение
|2 stltpush
|3 (RuTPU)RU\TPU\subj\1571
|9 30328
|
| 610 |
1 |
|
|a Монгольская Народная Республика
|
| 610 |
1 |
|
|a социально-экономические преобразования
|
| 610 |
1 |
|
|a демократические революции
|
| 610 |
1 |
|
|a политические партии
|
| 610 |
1 |
|
|a социалистическое строительство
|
| 610 |
1 |
|
|a внешнеэкономические связи
|
| 686 |
|
|
|a У9(5Мо)
|v LBC/SL-A
|2 rubbk
|
| 686 |
|
|
|a Ф2(5)
|v LBC/SL-A
|2 rubbk
|
| 702 |
|
1 |
|a Баврин
|b Е. П.
|4 340
|
| 712 |
0 |
2 |
|a Академия наук СССР
|b Институт экономики мировой социалистической системы
|c (1960-1990)
|c (москва)
|2 stltpush
|3 (RuTPU)RU\TPU\col\10670
|9 24899
|
| 801 |
|
1 |
|a RU
|b 63413507
|c 20210525
|
| 942 |
|
|
|c BK
|